| 000 | 00621aam a2200253 4500 | ||
|---|---|---|---|
| 005 | 20260410164809.0 | ||
| 008 | 150507b2006 xxu||||| |||| 00| 0 spa d | ||
| 020 | _a8431531738 | ||
| 041 | _aESP | ||
| 082 | _a796.815.3 SA262c | ||
| 100 |
_aSauvage, Philippe _937392 |
||
| 245 | _aCurso de karate para niños | ||
| 260 | _aEspaña | ||
| 260 | _bDe Vecchi | ||
| 260 | _c2006 | ||
| 300 | _a140 páginas | ||
| 490 | _aTemática General | ||
| 650 | _aDEFENSA PERSONAL | ||
| 650 | _aARTES MARCIALES | ||
| 650 | _aKARATE | ||
| 650 | _aPREPARACIÓN FÍSICA | ||
| 650 | _aTÉCNICAS DEL KARATE | ||
| 942 |
_cBK _2ddc |
||
| 999 |
_c5236 _d5236 |
||